000 00680nam a2200253Ia 4500
003 OSt
005 20220918222355.0
006 a|||||r|||| 00| 0
007 ta
008 220917b |||||||| |||| 00| 0 eng d
024 _a216,698
037 _cTextual
040 _aARTS
_cARTS
_beng
041 _2eng
_aeng
082 _aR493, P3-;1(RD)
100 _aDarwall Stephen Ed.
_9143004
245 0 _aConsequentialism
260 _aUK
_bBlackwell publishing
_c2003
300 _avii, 301p
_ccm.
490 _aBlackwell readings in philosophy
650 _aETHICS
942 _hR493, P3-;1(RD)
_cTEXL
_2CC
999 _c275368
_d275368